Design and development of a lime applicator attachment to tractor operated rotavator (Record no. 14935)
[ view plain ]
| 000 -LEADER | |
|---|---|
| fixed length control field | 00428nam a22001457a 4500 |
| 003 - CONTROL NUMBER IDENTIFIER | |
| control field | OSt |
| 088 ## - REPORT NUMBER | |
| Report number | T 363 |
| 100 ## - MAIN ENTRY--AUTHOR NAME | |
| Personal name | SALSAN K |
| 245 ## - TITLE STATEMENT | |
| Title | Design and development of a lime applicator attachment to tractor operated rotavator |
| 260 ## - PUBLICATION, DISTRIBUTION, ETC. (IMPRINT) | |
| Place of publication | Tavanur 2017 |
| Name of publisher | Kelappaji College of Agricultural Engineering and Technology |
| 300 ## - PHYSICAL DESCRIPTION | |
| Number of Pages | 93 |
| 700 ## - ADDED ENTRY--PERSONAL NAME | |
| Personal name | Dr. Preman P.S (Guide) |
| 942 ## - ADDED ENTRY ELEMENTS (KOHA) | |
| Koha item type | Theses |
No items available.
